O zložitosti expertných systémov

Bibliographic Details
Main Author: Kelemen, Jozef, 1951- (Author)
Format: Article
Language:Slovak
PhysicalDescription:Lit. 10 zázn. v češ., angl.
Subjects:

MARC

LEADER 00000nab a2200000 a 4500
001 vtls000232975
003 SK-MaSNL
005 20260304180440.0
008 160204c1985 xo 0 slo
015 |a SNBRA19rr/mm-uuuuu 
035 |a CL0243089 
040 |a SNKBUCL  |b slo  |c SNKBUCL  |e AACR2 
041 0 |a slo 
044 |a xo  |c SK 
080 |a 002.6:681.3  |2 1981 
080 |a 681.3  |2 1981 
080 |a 007  |2 1981 
100 1 |a Kelemen, Jozef,  |d 1951-  |4 aut  |9 222238 
245 1 0 |a O zložitosti expertných systémov  |c Jozef Kelemen 
300 |b Lit. 10 zázn. v češ., angl. 
650 0 7 |a počítače  |2 snkbucl  |9 2027 
650 0 7 |a expertné systémy  |2 snkbucl  |9 1831 
650 0 7 |a umelá inteligencia  |2 snkbucl  |9 1830 
650 0 7 |a informatika  |2 snkbucl  |9 1124 
655 7 |a články zo zborníkov  |2 snkbucl  |9 166140 
655 7 |a články z odboru knihovníctvo  |2 snkbucl  |9 166141 
773 0 |t Konferencia Informatika a umelá inteligencia  |d Bratislava : Dom techniky ČSVTS, 1985 
850 |a Slovenská národná knižnica v Martine  |a MTA001 
852 |a SNK  |b KIS3GCP 
958 |a NB 
958 |a RK 
958 |a KL 
992 |a RZB 
999 |c 3018039  |d 3019969